Statystyki dla Flagi ale z zoomem #1

Kliknij tutaj aby rozwiązać quiz!

Ogólne statystyki

  • Ten quiz został rozwiązany 10 razy
  • Średni wynik to 13 z 15

Statystyki odpowiedzi

Odpowiedź% Poprawnych
Afganistan
100%
Albania
100%
Argentyna
100%
Belize
100%
Korea Południowa
100%
Republika Środkowoafrykańska
100%
Szwajcaria
100%
Wietnam
100%
Malta
90%
Oman
90%
Wielka Brytania
80%
Wyspy Marshalla
80%
Zambia
70%
Algieria
60%
Saint Vincent i Grenadyny
60%

Rozkład punktacji

Percentyl według liczby udzielonych odpowiedzi

Procent ludzi z każdym wynikiem

Twoja historia wyników

Nie rozwiązałeś tego quizu